书目信息 |
| 题名: |
合理有据的教师评价
|
|
| 作者: | 斯蒂金斯 著 ;刘聪伦 译 | |
| 分册: | ||
| 出版信息: | 北京 中国青年出版社 2015 |
|
| 页数: | 136页 | |
| 开本: | 22cm | |
| 丛书名: | ||
| 单 册: | ||
| 中图分类: | G451.1 | |
| 科图分类: | ||
| 主题词: | 教师评价--研究 | |
| 电子资源: | ||
| ISBN: | 978-7-5153-3081-5 | |
| 000 | 01140nam0 2200253 450 | |
| 001 | 012015000075 | |
| 005 | 20151210154714.10 | |
| 010 | @a978-7-5153-3081-5@dCNY29.00 | |
| 100 | @a20150601d2015 em y0chiy50 ea | |
| 101 | 1 | @achi@ceng |
| 102 | @aCN@b110000 | |
| 105 | @ay z 000yy | |
| 106 | @ar | |
| 200 | 1 | @a合理有据的教师评价@Ahe li you ju de jiao shi ping jia@e课堂评估衡量学生进步@dDefensible teacher evaluation@estudent growth through classroom assessment@f(美)瑞克·斯蒂金斯(Rick Stiggins)[著]@zeng |
| 210 | @a北京@c中国青年出版社@d2015 | |
| 215 | @a136页@d22cm | |
| 330 | @a本书契合课程改革走向,介绍有效课堂评估的开发步骤,提供评估素养的提升方案,指导教师建立记录学生进步的综合档案,帮助学校和教师开发和建立适合自己的课堂评估系统,促进学生进步和学校发展,满足评估教学成果和学校评价教师效能的需求。 | |
| 510 | 1 | @aDefensible teacher evaluation@estudent growth through classroom assessment@zeng |
| 606 | 0 | @a教师评价@x研究 |
| 690 | @aG451.1@v5 | |
| 701 | 1 | @c(美)@a斯蒂金斯@Asi di jin si@c(Stiggins, Rick)@4著 |
| 702 | 0 | @a刘聪伦@Aliu cong lun@4译 |
| 801 | 0 | @aCN@b碧洲教育@c20151129 |
| 905 | @a10447@f3@dG451.1@e154 | |
| 合理有据的教师评价:课堂评估衡量学生进步=Defensible teacher evaluation:student growth through classroom assessment/(美)瑞克·斯蒂金斯(Rick Stiggins)[著].-北京:中国青年出版社,2015 |
| 136页;22cm |
| ISBN 978-7-5153-3081-5:CNY29.00 |
| 本书契合课程改革走向,介绍有效课堂评估的开发步骤,提供评估素养的提升方案,指导教师建立记录学生进步的综合档案,帮助学校和教师开发和建立适合自己的课堂评估系统,促进学生进步和学校发展,满足评估教学成果和学校评价教师效能的需求。 |
| ● |
| 相关链接 |
|
|
|
|
正题名:合理有据的教师评价
索取号:G451.1/154
 
预约/预借
| 序号 | 登录号 | 条形码 | 馆藏地/架位号 | 状态 | 备注 |
| 1 | 0872219 | 208722195 | 第一样本阅览室/ [索取号:G451.1/154] | 在馆 | |
| 2 | 0872220 | 208722202 | 教育系资料室/ [索取号:G451.1/154] | 在馆 | |
| 3 | 0872221 | 208722211 | 教育系资料室/ [索取号:G451.1/154] | 在馆 |